000 00446nam a22001697a 4500
003 SGT
020 _a9780702068645
082 _a616.07
_bB19S
100 _aSUVARNA, S. KIM
245 _aBANCROFT'S THEORY AND PRACTICE OF HISTOLOGICAL TECHNIQUES
250 _a8TH
260 _aU.S.A.
_bELSEVIER PUB
_c2019
300 _a557
650 _aPATHOLOGY
653 _aBANCROFT'S THEORY AND PRACTICE OF HISTOLOGICAL TECHNIQUES
942 _2ddc
_cBK
999 _c23251
_d23251